000 00383 a2200157 4500
001 76118
020 _a978-85-16119423
040 _cAnchieta - Colégio São Paulo
100 _aCarone, Célia R.
240 1 0 _aPresente: ciências 3º ano
_lpor
245 1 0 _aPresente: ciências 3º ano
300 _a163
362 0 _a2015
650 4 _aCiência da vida - Biologia
942 _cBK
999 _c76118
_d76118